000 00573nam a2200205 i 4500
001 bg
100 1 _aSKOLIMOWSKI, Jarosław
245 1 0 _aProcedury graficzne dla kart EGA, VGA i SVGA /
_cJarosław Skolimowski.
260 _aWarszawa :
_bHELION,
_c1993.
300 _a114 s. :
_brys. ;
_c24 cm +
_edyskietka.
504 _aBibliogr. s.114.
650 9 _aKarty graficzne
_xprogramowanie
020 _a8385701095
040 _cBPK
041 0 _apl
080 _a681.322.06:519.68
920 _a83-85701-09-5
942 _cKS
008 s pl f |000 0 pol
999 _c6775
_d6775
856 _uhttp://koha.tu.koszalin.pl/cgi-bin/koha/opac-detail.pl?biblionumber=6775
_yKatalog online BPK